| 000 | 00687nam a2200229 a 4500 | ||
|---|---|---|---|
| 001 | BRL_705 | ||
| 005 | 20190320210848.0 | ||
| 008 | 270913s1972----gw-#######---#000-0#ger-# | ||
| 041 | _ager | ||
| 044 | _agw | ||
| 050 | 4 |
_aPT553 _b.W45 1972 |
|
| 100 | 1 |
_aWeisbach, Reinhard _924693 |
|
| 245 | 1 | 0 |
_aMenschenbild, Dichter und Gedicht _bAufsätze zur deutschen sozialistischen Lyrik _cReinhard Weisbach. |
| 260 |
_aBerlín _bAufbau _c1972 |
||
| 300 |
_a292 p. _c19 cm. |
||
| 500 | _aAu793 | ||
| 500 | _aIncluye dedicatoria a Ruth Lechuga | ||
| 650 | 1 | 4 |
_aPoesía alemana _xHistoria y crítica _ySiglo XX _924694 |
| 650 | 1 | 4 |
_aComunismo y literatura _924695 |
| 902 | _aGRL | ||
| 942 |
_2lcc _cB |
||
| 999 |
_c9517 _d9517 |
||